<?xml version="1.0" encoding="UTF-8"?><?xml-stylesheet type="text/xsl" href="static/style.xsl"?><OAI-PMH xmlns="http://www.openarchives.org/OAI/2.0/" xmlns:xsi="http://www.w3.org/2001/XMLSchema-instance" xsi:schemaLocation="http://www.openarchives.org/OAI/2.0/ http://www.openarchives.org/OAI/2.0/OAI-PMH.xsd"><responseDate>2026-04-13T15:20:37Z</responseDate><request verb="GetRecord" identifier="oai:www.recercat.cat:10230/56406" metadataPrefix="marc">https://recercat.cat/oai/request</request><GetRecord><record><header><identifier>oai:recercat.cat:10230/56406</identifier><datestamp>2026-02-12T01:43:15Z</datestamp><setSpec>com_2072_6</setSpec><setSpec>col_2072_452952</setSpec></header><metadata><record xmlns="http://www.loc.gov/MARC21/slim" xmlns:dcterms="http://purl.org/dc/terms/" xmlns:xsi="http://www.w3.org/2001/XMLSchema-instance" xmlns:doc="http://www.lyncode.com/xoai" xsi:schemaLocation="http://www.loc.gov/MARC21/slim http://www.loc.gov/standards/marcxml/schema/MARC21slim.xsd">
   <leader>00925njm 22002777a 4500</leader>
   <datafield ind2=" " ind1=" " tag="042">
      <subfield code="a">dc</subfield>
   </datafield>
   <datafield ind2=" " ind1=" " tag="720">
      <subfield code="a">Hernando Redondo, Javier</subfield>
      <subfield code="e">author</subfield>
   </datafield>
   <datafield ind2=" " ind1=" " tag="720">
      <subfield code="a">Toloba, Andrea</subfield>
      <subfield code="e">author</subfield>
   </datafield>
   <datafield ind2=" " ind1=" " tag="720">
      <subfield code="a">Benaiges Foix, David</subfield>
      <subfield code="e">author</subfield>
   </datafield>
   <datafield ind2=" " ind1=" " tag="720">
      <subfield code="a">Salas Salvadó, Jordi</subfield>
      <subfield code="e">author</subfield>
   </datafield>
   <datafield ind2=" " ind1=" " tag="720">
      <subfield code="a">Martínez-González, Miguel Ángel, 1957-</subfield>
      <subfield code="e">author</subfield>
   </datafield>
   <datafield ind2=" " ind1=" " tag="720">
      <subfield code="a">Corella, Dolores</subfield>
      <subfield code="e">author</subfield>
   </datafield>
   <datafield ind2=" " ind1=" " tag="720">
      <subfield code="a">Estruch, Ramón</subfield>
      <subfield code="e">author</subfield>
   </datafield>
   <datafield ind2=" " ind1=" " tag="720">
      <subfield code="a">Tinahones Madueño, Francisco José</subfield>
      <subfield code="e">author</subfield>
   </datafield>
   <datafield ind2=" " ind1=" " tag="720">
      <subfield code="a">Ros, Emilio</subfield>
      <subfield code="e">author</subfield>
   </datafield>
   <datafield ind2=" " ind1=" " tag="720">
      <subfield code="a">Goday Arnó, Albert</subfield>
      <subfield code="e">author</subfield>
   </datafield>
   <datafield ind2=" " ind1=" " tag="720">
      <subfield code="a">Castañer, Olga</subfield>
      <subfield code="e">author</subfield>
   </datafield>
   <datafield ind2=" " ind1=" " tag="720">
      <subfield code="a">Fitó Colomer, Montserrat</subfield>
      <subfield code="e">author</subfield>
   </datafield>
   <datafield ind2=" " ind1=" " tag="260">
      <subfield code="c">2023-04-04T06:02:35Z</subfield>
   </datafield>
   <datafield ind2=" " ind1=" " tag="260">
      <subfield code="c">2023-04-04T06:02:35Z</subfield>
   </datafield>
   <datafield ind2=" " ind1=" " tag="260">
      <subfield code="c">2022</subfield>
   </datafield>
   <datafield ind2=" " ind1=" " tag="520">
      <subfield code="a">Background: Obesity is produced by the enlargement of the adipose tissue. Functioning as an endocrine organ, it releases and receives information through a complex network of cytokines, hormones, and substrates contributing to a low-chronic inflammation environment. Diet and healthy habits play key roles in the prevention of obesity and its related pathologies. In this regard, there is a need to switch to healthier and more appetizing diets, such as the Mediterranean one. Objective: To compare the mid-and long-term effects of two Mediterranean diet (MedDiet) interventions, one energy-reduced plus physical activity promotion versus a non-restrictive diet, on peripheral satiety-related hormones, weight loss, glucose/lipid metabolism, and pro-inflammatory markers in subjects with obesity/overweight and metabolic syndrome. Materials and methods: A randomized, lifestyle intervention was conducted in 23 Spanish centers, with a large cohort of patients presenting metabolic syndrome. Our study is a subproject set in IMIM (Hospital del Mar Research Institute). Participants were men and women, aged 55-75 and 60-75, respectively, who at baseline met at least three metabolic syndrome components. Subjects were assigned to two intervention groups: (1) an intensive lifestyle intervention with an energy-reduced MedDiet and physical activity promotion (intervention group) with the aim of weight loss; and (2) a normocaloric MedDiet (control). We quantified in a subsample of 300 volunteers from Hospital del Mar Research Institute (Barcelona), following analytes at baseline, 6 months, and 1 year: glucose, HbA1c, triglycerides, total cholesterol, high-density lipoprotein cholesterol, LDL cholesterol, C-peptide, ghrelin, GLP-1, glucagon, insulin, leptin, PAI-1, resistin, and visfatin. Anthropometric and classical cardiovascular risk factors were also determined. A multivariate statistical model was employed to compare the two groups. Linear mixed-effect models were performed to compare changes in risk factors and biomarkers between intervention groups and over time. Results: Compared to participants in the control group, those in intervention one showed greater improvements in weight, waist circumference, insulin (P &amp;lt; 0.001), glucose metabolism-related compounds (P &amp;lt; 0.05), triglyceride-related lipid profile (P &amp;lt; 0.05), leptin, blood pressure, and pro-inflammatory markers such as PAI-1 (P &amp;lt; 0.001) at mid-and/or long-term. High-sensitivity C-reactive protein, resistin, and vifastin also decreased in both groups. Conclusion: A weight loss intervention employing a hypocaloric MedDiet and physical activity promotion has beneficial effects on adiposity, glucose metabolism, lipid profile, leptin, and pro-inflammatory markers, such as PAI-1 in both mid-and long-term.</subfield>
   </datafield>
   <datafield tag="653" ind2=" " ind1=" ">
      <subfield code="a">Mediterranean diet (MedDiet)</subfield>
   </datafield>
   <datafield tag="653" ind2=" " ind1=" ">
      <subfield code="a">PAI-1</subfield>
   </datafield>
   <datafield tag="653" ind2=" " ind1=" ">
      <subfield code="a">Inflammation</subfield>
   </datafield>
   <datafield tag="653" ind2=" " ind1=" ">
      <subfield code="a">Leptin</subfield>
   </datafield>
   <datafield tag="653" ind2=" " ind1=" ">
      <subfield code="a">Metabolic syndrome</subfield>
   </datafield>
   <datafield ind2="0" ind1="0" tag="245">
      <subfield code="a">Mid- and long-term changes in satiety-related hormones, lipid and glucose metabolism, and inflammation after a Mediterranean diet intervention with the goal of losing weight: A randomized, clinical trial</subfield>
   </datafield>
</record></metadata></record></GetRecord></OAI-PMH>